Skoki Narciarskie- Zwycięzcy Turnieju Czterech Skoczni - Statystyki

Ogólne statystyki
  • Ten quiz został rozwiązany 334 razy
    205 od ostatniego zresetowania
  • Średni wynik to 28 z 71
Statystyki odpowiedzi
Hintr Odpowiedź % Poprawnych
65 Kamil Stoch
99%
66 Kamil Stoch
99%
69 Kamil Stoch
99%
67 Ryoyu Kobayashi
93%
70 Ryoyu Kobayashi
93%
68 Dawid Kubacki
92%
49 Adam Małysz
91%
63 Stefan Kraft
91%
54 Jakub Janda, Janne Ahonen
88%
47 Janne Ahonen
88%
51 Janne Ahonen
88%
53 Janne Ahonen
88%
56 Janne Ahonen
88%
71 Halvor Egner Granerud
85%
64 Peter Prevc
85%
60 Gregor Schlierenzauer
76%
61 Gregor Schlierenzauer
76%
59 Thomas Morgenstern
71%
50 Sven Hannawald
70%
62 Thomas Diethart
65%
46 Kazuyoshi Funaki
51%
41 Andreas Goldberger
49%
43 Andreas Goldberger
49%
58 Andreas Kofler
49%
57 Wolfgang Loitzl
48%
45 Primoz Peterka
46%
55 Anders Jacobsen
44%
32 Jens Weissflog
44%
33 Jens Weissflog
44%
39 Jens Weissflog
44%
44 Jens Weissflog
44%
42 Espen Bredesen
33%
52 Sigurd Pettersen
31%
48 Andreas Widhoelzl
27%
40 Toni Nieminen
27%
31 Matti Nykaenen
24%
36 Matti Nykaenen
24%
38 Dieter Thoma
22%
28 Hubert Neuper
22%
29 Hubert Neuper
22%
21 Rainer Schmidt
22%
15 Bjoern Wirkola
21%
16 Bjoern Wirkola
21%
17 Bjoern Wirkola
21%
19 Jiří Raška
18%
1 Josef Bradl
17%
34 Ernst Vettori
13%
35 Ernst Vettori
13%
6 Helmut Recknagel
13%
7 Helmut Recknagel
13%
9 Helmut Recknagel
13%
22 Hans-Georg Aschenbach
12%
4 Nikołaj Kamienski
12%
18 Horst Queck
8%
20 Ingolf Mork
8%
8 Max Bolkart
8%
27 Pentti Kokkonen
8%
11 Toralf Engan
8%
10 Eino Kirjonen
7%
3 Hemmo Silvennoinen
7%
26 Kari Ylianttila
7%
30 Manfred Deckert
7%
5 Pentti Uotinen
7%
37 Risto Laakkonen
7%
13 Torgeir Brandtzaeg
7%
12 Veikko Kankkonen
7%
14 Veikko Kankkonen
7%
24 Jochen Danneberg
6%
25 Jochen Danneberg
6%
2 Olaf Bjoern Bjoernstad
6%
23 Willi Purstl
6%
Nie znaleziono quizów pasujących do podanych kryteriów
Rozkład punktacji
Procent ludzi z każdym wynikiem
Percentyl według liczby udzielonych odpowiedzi
Twoja historia wyników
Nie rozwiązałeś tego quizu od ostatniego zresetowania